000 00985cam a2200325 4500
001 M2032
008 090401t1995 xxu||||| |||| 00| 0 eng d
035 _a(Sirsi) u96285
041 _aeng
110 _aRoyal Institution of Chartered Surveyors
_94900
245 _aTomorrow`s countryside : a rural strategy.
260 _aLondon
_bRICS
_c1995
300 _a33p. : ill. ; 30cm.
350 _a4
490 _aRICS Memorandum
_vPU/Report(95)07
520 _aAlso available as a loan item (RICS1995/39 ISBN 0854066888)
650 _aEnvironment
_96238
650 _aPLANNING
650 _aRURAL AREAS
650 _aRURAL COMMUNITIES
650 _aRURAL POLICY
650 _aSustainability
_96271
650 _aTOMORROWS COUNTRYSIDE
690 _aPLANNING LAW AND PRACTICE
710 _aRoyal Town Planning Institute
_91206
710 _aCounty Planning Officers` Society
710 _aDistrict Planning Officers' Society
_92006
942 _n0
948 _c04/03/1997
999 _c98611
_d98611